LEADER 01249nam a2200277 i 4500 001 000000063096 003 CaOOAMICUS 005 20181120161154.0 008 110104s1971 it u000 u ita u 013 $a34268 040 $aSeMil$bita 100 1 $aRavarotto, E.$0(OLS)http://semarc/name/31900 245 13$aLa parola di Dio e il battesimo :$briflessioni esegetico-spirituali sul Lezionario del Battesimo /$cE. Ravarotto, R. Falsini, E. Lodi. 260 $aMilano :$bO.R.,$cstampa 1971. 300 $a128 p. ;$c19 cm. 490 0 $aMeditazioni bibliche [OR] ;$v4 650 4$aBattesimo - Commenti.$0(OLS)http://semarc/subject/9052 700 1 $aLodi, Enzo.$0(OLS)http://semarc/name/21422 700 1 $aFalsini, Rinaldo,$c.$0(OLS)http://semarc/name/314 830 0$aMeditazioni bibliche ;$v4.$0(OLS)http://semarc/title/420015 850 $aSeMil 852 $aSeMil$W1$xVenegono$y1$m3K IV 267$j29249$B29249$CSeMilBibl$Z2$F29252 $81 961 $aOmaggio: Oggioni don Costantino 996 $6245$aLa parola di Dio e il battesimo :$briflessioni esegetico-spirituali sul Lezionario del Battesimo$9(OLS)http://semarc/title/99463 996 $6260$aMilano :$bO.R.$9(OLS)http://semarc/publisher/29789 LEADER 01199nam a2200229 i 4500 001 000000076213 003 CaOOAMICUS 005 20090504000000.0 008 090504s1962 it u000 u ita u 013 $a47385 040 $aSeMil$bita 110 2 $aUniversitą Cattolica del Sacro Cuore .$0(OLS)http://semarc/name/1672 245 13$aLa donna e le professioni :$batti del convegno di studio organizzato dall'Universitą Cattolica del Sacro Cuore : Roma 5-8 settembre 1961. 260 $aMilano :$bVita e Pensiero,$c1962. 300 $aVIII, 115 p. ;$c24 cm. 650 4$aDonne - Lavoro.$0(OLS)http://semarc/subject/15561 650 4$aDonne - Lavoro - Congressi - 1961.$0(OLS)http://semarc/subject/15562 700 1 $aConvegno di studio «La donna e le professioni» <1961 ; Roma>.$0(OLS)http://semarc/name/37564 850 $aSeMil 852 $aSeMil$W1$xVenegono$y1$m2Q III 165$j42365$B42365$CSeMilBibl$Z2$F42369 $81 996 $6245$aLa donna e le professioni :$batti del convegno di studio organizzato dall'Universitą Cattolica del Sacro Cuore : Roma 5-8 settembre 1961$9(OLS)http://semarc/title/123515 996 $6260$aMilano :$bVita e Pensiero$9(OLS)http://semarc/publisher/29642